[Event "AUTO-MASTER-608"]
[Site "http://www.queenalice.com/game.php?id=461420"]
[Date "2008.9.11"]
[Round "1"]
[White "GMcruz"]
[Black "rames"]
[Result "0-1"]
[WhiteElo "2122"]
[BlackElo "2109"]

1. d4 Nf6 2. c4 e6 3. Nc3 Bb4 4. e3 O-O 5. Nf3 d5 6. Qc2 c5 7. dxc5 Bxc5 8. Bd3
Nc6 9. a3 a5 10. O-O Bd7 11. Rd1 b6 12. cxd5 exd5 13. Ng5 g6 14. e4 Nd4 15. Qb1
Nb3 16. Ra2 Ng4 17. Rf1 Rc8 18. exd5 Nxc1 19. Qxc1 Qc7 20. Nge4 Qxh2# 0-1

[Event "AUTO-MASTER-608"]
[Site "http://www.queenalice.com/game.php?id=461421"]
[Date "2008.9.11"]
[Round "1"]
[White "rames"]
[Black "Alexandrovinsk"]
[Result "0-1"]
[WhiteElo "2126"]
[BlackElo "2020"]

1. d4 Nf6 2. Nf3 d5 3. Bf4 e6 4. e3 c5 5. c3 Be7 6. Nbd2 O-O 7. Bd3 cxd4 8. exd4
Nc6 9. Ne5 Ne8 10. Qh5 g6 11. Qg4 Nxe5 12. dxe5 Ng7 13. Nf3 f6 14. Bh6 fxe5 15.
Nxe5 Bd6 16. Bxg7 Kxg7 17. Nxg6 e5 18. Qh5 Qe8 19. O-O-O hxg6 20. Qg5 e4 21.
Qxd5 Bf4+ 22. Kb1 exd3 23. g3 Bh6 24. Rhe1 Qf7 25. Qc5 Re8 26. Re5 Bf5 27. Qd4
Rxe5 28. Qxe5+ Kg8 29. f4 Rd8 30. Rd2 Re8 31. Qxe8+ Qxe8 32. b3 Qe1+ 0-1

[Event "AUTO-MASTER-608"]
[Site "http://www.queenalice.com/game.php?id=461422"]
[Date "2008.9.11"]
[Round "1"]
[White "Alexandrovinsk"]
[Black "rames"]
[Result "0-1"]
[WhiteElo "2055"]
[BlackElo "2123"]

1. e4 e6 2. d4 d5 3. Nd2 dxe4 4. Nxe4 Nd7 5. Nf3 Ngf6 6. Bg5 Be7 7. Nxf6+ Bxf6
8. Bxf6 Qxf6 9. Bc4 O-O 10. O-O e5 11. dxe5 Nxe5 12. Nxe5 Qxe5 13. Re1 Qxb2 14.
Bxf7+ Kxf7 15. Qd5+ Kg6 16. Qd3+ Bf5 17. Qg3+ Kf7 18. Qxc7+ Kg8 19. Rab1 Qxc2
20. Qxb7 Qxa2 21. Ra1 Qxf2+ 22. Kh1 Qb6 23. Qd5+ Kh8 24. Re7 Qf6 25. Rae1 Be4
0-1

[Event "AUTO-MASTER-608"]
[Site "http://www.queenalice.com/game.php?id=461423"]
[Date "2008.9.11"]
[Round "1"]
[White "rames"]
[Black "dante72"]
[Result "1-0"]
[WhiteElo "2158"]
[BlackElo "1838"]

1. d4 d5 2. Nf3 Nc6 3. Bf4 Bf5 4. e3 e6 5. Bb5 Ne7 6. Nbd2 g6 7. Ne5 f6 8. Nxc6
bxc6 9. Ba4 Bg7 10. g4 Be4 11. f3 f5 12. fxe4 fxe4 13. O-O O-O 14. Qe2 c5 15. c3
c4 16. b3 cxb3 17. axb3 c6 18. b4 h6 19. Nb3 g5 20. Bg3 Kh7 21. Nc5 Qc8 22. Bd6
Rxf1+ 23. Rxf1 Ng6 24. Rf7 e5 25. dxe5 Nh4 26. e6 Nf3+ 27. Kh1 Qe8 28. c4 Kg8
29. cxd5 Qd8 30. Nxe4 cxd5 31. Rd7 Qb6 32. Qxf3 dxe4 33. Qf7+ Kh8 34. Qxg7# 1-0

[Event "AUTO-MASTER-608"]
[Site "http://www.queenalice.com/game.php?id=461424"]
[Date "2008.9.11"]
[Round "1"]
[White "dante72"]
[Black "rames"]
[Result "0-1"]
[WhiteElo "1851"]
[BlackElo "2155"]

1. d4 Nf6 2. Nf3 d6 3. Nc3 Bg4 4. Qd3 Nbd7 5. h3 Bh5 6. e4 Bxf3 7. Qxf3 e5 8. d5
Be7 9. Bb5 O-O 10. O-O Rc8 11. b4 c6 12. dxc6 bxc6 13. Ba4 Nb6 14. Bb3 d5 15. a3
d4 16. Rd1 Qc7 17. Ne2 c5 18. bxc5 Qxc5 19. g4 Nc4 20. Bxc4 Qxc4 21. Rd2 Bd8 22.
Qb3 Nxe4 23. Qxc4 Rxc4 24. Rd1 Rxc2 25. Re1 Bh4 26. Ng3 Nxf2 27. Re2 Nxh3+ 28.
Kg2 Rxc1 29. Rxc1 Nf4+ 30. Kh2 Bxg3+ 0-1

[Event "Challenge"]
[Site "http://www.queenalice.com/game.php?id=465772"]
[Date "2008.9.20"]
[Round "-"]
[White "rames"]
[Black "KLEOJ"]
[Result "1-0"]
[WhiteElo "2119"]
[BlackElo "2153"]

1. d4 f5 2. c4 e6 3. Nc3 Nf6 4. Bg5 Be7 5. Bxf6 Bxf6 6. f4 O-O 7. Nf3 d6 8. e3
Nd7 9. Bd3 Be7 10. O-O Nf6 11. g3 b6 12. Re1 Bb7 13. e4 fxe4 14. Nxe4 e5 15.
Nfg5 Nxe4 16. Bxe4 Bxe4 17. Ne6 Qc8 18. Nxf8 Bb7 19. Nxh7 Qh3 20. d5 Kxh7 21.
fxe5 Rf8 22. Re4 Rf5 23. exd6 Rh5 24. Qxh5+ Qxh5 25. dxe7 1-0

[Event "Paulo_Lima26"]
[Site "http://www.queenalice.com/game.php?id=470869"]
[Date "2008.9.30"]
[Round "2"]
[White "rames"]
[Black "AnaRothebarth"]
[Result "1/2-1/2"]
[WhiteElo "2168"]
[BlackElo "2122"]

1. d4 Nf6 2. Nf3 e6 3. Bf4 Nc6 4. Nbd2 b6 5. c3 Bb7 6. e4 d6 7. e5 dxe5 8. dxe5
Nd5 9. Bg3 Qd7 10. Bb5 a6 11. Bxc6 Bxc6 12. Qe2 Be7 13. O-O O-O 14. Rac1 b5 15.
Rfd1 Rfd8 16. Nb1 Qe8 17. b3 Bb7 18. c4 bxc4 19. bxc4 Nb4 20. Nc3 Rxd1+ 21. Rxd1
Rd8 22. Bf4 Rxd1+ 23. Qxd1 h6 24. Be3 Qc6 25. Qe2 a5 26. h3 Ba6 27. Nb5 a4 28.
Nfd4 Qd7 29. a3 Nc6 30. Nxc6 Qxc6 31. Qd3 Bb7 32. f3 Ba6 33. Kf2 Bc5 1/2-1/2

[Event "AUTO-ADV-958"]
[Site "http://www.queenalice.com/game.php?id=484995"]
[Date "2008.10.29"]
[Round "2"]
[White "pergaminos"]
[Black "rames"]
[Result "0-1"]
[WhiteElo "2121"]
[BlackElo "2144"]

1. d4 d5 2. Nf3 Nf6 3. Bf4 Bf5 4. Nc3 e6 5. a3 c6 6. e3 Bd6 7. Bxd6 Qxd6 8. Ne5
Nbd7 9. f4 Ne4 10. Qh5 g6 11. Qh6 Nxc3 12. bxc3 Bxc2 13. Bd3 Bxd3 14. Nxd3 f6
15. O-O O-O-O 16. Qh4 Rde8 17. Qe1 Rhf8 18. Qb1 e5 19. fxe5 fxe5 20. Nxe5 Nxe5
21. dxe5 Rxf1+ 22. Kxf1 Qxe5 23. Qd3 Qxh2 24. Re1 Rf8+ 25. Ke2 Qxg2+ 26. Kd1 Qb2
27. Qd4 Qb1+ 28. Kd2 Rf2+ 29. Re2 Qb2+ 30. Ke1 Qxe2# 0-1

[Event "AUTO-ADV-958"]
[Site "http://www.queenalice.com/game.php?id=484996"]
[Date "2008.10.29"]
[Round "2"]
[White "rames"]
[Black "pergaminos"]
[Result "1-0"]
[WhiteElo "2132"]
[BlackElo "2132"]

1. d4 d5 2. Nf3 Nc6 3. Bf4 Bf5 4. e3 e6 5. Bb5 Ne7 6. Ne5 a6 7. Nxc6 bxc6 8. Ba4
h6 9. Nd2 g5 10. Be5 Rg8 11. Bf6 Qd6 12. Nf3 Rb8 13. O-O Bg7 14. Bxg7 Rxg7 15.
Ne5 Qb4 16. Bxc6+ Kd8 17. a3 Qxb2 18. Qh5 Bxc2 19. Qxh6 Rg8 20. Nxf7+ Kc8 21.
Qxe6# 1-0

[Event "AUTO-ADV-958"]
[Site "http://www.queenalice.com/game.php?id=484999"]
[Date "2008.10.29"]
[Round "2"]
[White "rames"]
[Black "sotsab"]
[Result "0-1"]
[WhiteElo "2162"]
[BlackElo "2152"]

1. d4 Nf6 2. Nf3 g6 3. c4 c5 4. d5 d6 5. Nc3 Bg7 6. e4 O-O 7. h3 Na6 8. Be2 e6
9. O-O exd5 10. cxd5 Re8 11. Nd2 Rb8 12. a4 b6 13. f3 Nc7 14. Nc4 Ba6 15. Nb5
Bxb5 16. axb5 Nxb5 17. Ne5 Nd4 18. Nc6 Nxc6 19. dxc6 Qc7 20. Bb5 Nh5 21. g4 d5
22. f4 Ng3 23. exd5 Bd4+ 24. Kg2 Nxf1 25. Qxf1 Rbd8 26. Bc4 b5 27. Bxb5 Rxd5 28.
Bd2 Bxb2 29. Ba5 Qd6 30. Re1 Rc8 31. c7 Rxc7 32. Re8+ Kg7 33. Qe2 Bc1 34. Bxc7
Qxc7 35. Qe7 Qxe7 36. Rxe7 Rd2+ 37. Kf3 Rd4 38. Re4 Rb4 39. Ba6 Rb3+ 40. Kg2 Rb6
41. Bc4 a5 42. g5 Rb4 43. Kf3 a4 44. Ba2 a3 45. Rc4 Rb2 46. Rxc1 Rxa2 47. Rxc5
Ra1 48. Kg2 a2 49. Ra5 f5 50. Ra7+ Kg8 51. Kg3 Rg1+ 52. Kh4 Rf1 53. Ra8+ Kf7 54.
Ra7+ Ke6 55. Rxa2 Rxf4+ 56. Kg3 Rd4 57. Ra7 Rd3+ 58. Kg2 f4 59. Rxh7 Kf5 60. h4
Kg4 61. Rh6 f3+ 62. Kf2 Rd2+ 0-1

[Event "AUTO-ADV-958"]
[Site "http://www.queenalice.com/game.php?id=485000"]
[Date "2008.10.29"]
[Round "2"]
[White "sotsab"]
[Black "rames"]
[Result "1/2-1/2"]
[WhiteElo "2083"]
[BlackElo "2160"]

1. d4 d5 2. c4 c6 3. Nf3 Nf6 4. Nc3 e6 5. Bg5 Nbd7 6. e3 Bb4 7. a3 Bxc3+ 8. bxc3
Qa5 9. Qb3 Ne4 10. Qb4 Qxb4 11. cxb4 Nxg5 12. Nxg5 O-O 13. Bd3 h6 14. Nf3 Re8
15. O-O e5 16. dxe5 Nxe5 17. Nxe5 Rxe5 18. cxd5 Rxd5 19. Bc4 Rd8 20. f3 Be6 21.
Bxe6 fxe6 22. Rfd1 Kf7 23. Kf2 e5 24. e4 Ke6 25. Rxd8 Rxd8 26. Ke2 Rd4 27. h4
Rc4 28. Kd3 b5 29. a4 Rxb4 30. axb5 cxb5 31. Ra6+ Kf7 32. Rxa7+ Kf6 33. Ra6+ Kf7
1/2-1/2

[Event "Challenge"]
[Site "http://www.queenalice.com/game.php?id=497603"]
[Date "2008.11.24"]
[Round "-"]
[White "butanito"]
[Black "rames"]
[Result "1-0"]
[WhiteElo "2208"]
[BlackElo "2166"]

1. e4 e6 2. d4 d5 3. Nc3 Bb4 4. e5 c5 5. a3 Bxc3+ 6. bxc3 f5 7. Qh5+ g6 8. Qd1
Nc6 9. Nf3 h6 10. c4 cxd4 11. Bb2 Qa5+ 12. Qd2 Qxd2+ 13. Kxd2 dxc4 14. Bxc4 Nge7
15. Nxd4 Nxe5 16. Bb3 O-O 17. Rae1 N5c6 18. Nxe6 Bxe6 19. Rxe6 Rad8+ 20. Kc1 Kh7
21. Rhe1 Nd5 22. Bxd5 Rxd5 23. Re7+ Nxe7 24. Rxe7+ Kg8 25. Rg7+ Kh8 26. Rxb7+
1-0

[Event "Challenge"]
[Site "http://www.queenalice.com/game.php?id=497892"]
[Date "2008.11.24"]
[Round "-"]
[White "rames"]
[Black "no_master"]
[Result "1/2-1/2"]
[WhiteElo "2166"]
[BlackElo "2244"]

1. d4 Nf6 2. Nf3 g6 3. Bf4 Bg7 4. Nbd2 O-O 5. e4 d5 6. e5 Ne4 7. Bd3 c5 8. Nxe4
dxe4 9. Bxe4 cxd4 10. Qxd4 Qxd4 11. Nxd4 Nd7 12. Nf3 Nc5 13. Bd5 Bf5 14. Nd4
Bxc2 15. Bxb7 Rab8 16. Nxc2 Nd3+ 17. Kf1 Nxf4 18. Be4 Bxe5 19. g3 Nh5 20. Rb1
Bxb2 21. Kg2 Nf6 22. Bf3 e5 23. Rhe1 Bc3 24. Rxb8 Rxb8 25. Re3 Rc8 26. Re2 h6
27. Bb7 Rb8 28. Ba6 Rb6 29. Bc4 Kg7 30. Bb3 a6 31. Ne3 Bd4 32. Nc4 1/2-1/2

[Event "AUTO-OPEN-1219"]
[Site "http://www.queenalice.com/game.php?id=510868"]
[Date "2008.12.21"]
[Round "2"]
[White "rames"]
[Black "OrangeLion"]
[Result "0-1"]
[WhiteElo "2168"]
[BlackElo "2081"]

1. c4 Nf6 2. Nc3 e6 3. e4 c5 4. e5 Ng8 5. f4 d6 6. Nf3 dxe5 7. fxe5 Nc6 8. d3 f6
9. Bf4 g5 10. Bg3 f5 11. Be2 Bg7 12. d4 g4 0-1

[Event "AUTO-OPEN-1219"]
[Site "http://www.queenalice.com/game.php?id=510869"]
[Date "2008.12.21"]
[Round "2"]
[White "OrangeLion"]
[Black "rames"]
[Result "1-0"]
[WhiteElo "2116"]
[BlackElo "2176"]

1. Nf3 Nf6 2. c4 e6 3. Nc3 d5 4. d4 Be7 5. Bg5 Nbd7 6. e3 O-O 7. Rc1 c6 8. Bd3
dxc4 9. Bxc4 b5 10. Bd3 Bb7 11. O-O a6 12. Bxf6 Nxf6 13. Ne4 Nd7 14. Qc2 h6 15.
Rfd1 Qb6 16. Ne5 Nxe5 17. dxe5 Rfd8 18. Nd6 Bxd6 19. exd6 Rac8 20. b4 a5 21. a3
Rd7 22. Rd2 Qd8 23. Rcd1 axb4 24. axb4 c5 25. Bxb5 cxb4 26. Qa4 Ra8 27. Bxd7
Rxa4 28. Bxa4 Qg5 29. f4 Qa5 30. d7 Qd8 31. Rc1 Kh7 32. Bc6 1-0

[Event "Paulo_Lima26"]
[Site "http://www.queenalice.com/game.php?id=519526"]
[Date "2009.1.9"]
[Round "3"]
[White "JulioCG"]
[Black "rames"]
[Result "0-1"]
[WhiteElo "1969"]
[BlackElo "2168"]

1. e4 e6 2. Nf3 d5 3. exd5 exd5 4. d4 Nf6 5. Nc3 Bb4 6. Bd2 O-O 7. Bd3 Re8+ 8.
Ne2 Bxd2+ 9. Qxd2 Bg4 10. h3 Bxf3 11. gxf3 Nbd7 12. O-O-O c5 13. dxc5 Nxc5 14.
Rhg1 Nxd3+ 15. Qxd3 Qb6 16. Nd4 g6 17. Rg2 Re5 18. Qc3 Rae8 19. Rdg1 Nh5 20. Qd2
Qf6 21. b3 Nf4 22. Rg3 Ne2+ 23. Nxe2 Rxe2 0-1

[Event "AUTO-MASTER-608"]
[Site "http://www.queenalice.com/game.php?id=522657"]
[Date "2009.1.14"]
[Round "2"]
[White "bacana"]
[Black "rames"]
[Result "0-1"]
[WhiteElo "2026"]
[BlackElo "2168"]

1. d4 Nf6 2. c4 e6 3. Nc3 d5 4. Bg5 Be7 5. e3 Nbd7 6. Nf3 h6 7. Bh4 b6 8. Rc1
Bb7 9. Bd3 c5 10. O-O Rc8 11. cxd5 Nxd5 12. Bxe7 Qxe7 13. Re1 cxd4 14. exd4 O-O
15. Qd2 Nxc3 16. bxc3 Bxf3 17. gxf3 Rfd8 18. f4 Qh4 19. Qe3 Nf6 20. Qg3 Qh5 21.
h3 Nd5 22. Re5 f5 23. Bf1 Qf7 24. a3 Nf6 25. Qe3 Rd6 26. Bg2 Qd7 27. a4 Kf7 28.
a5 b5 29. Kh2 a6 30. Re1 Re8 31. Bf3 Nd5 32. Bxd5 Rxd5 33. h4 Rxe5 34. fxe5 Qd8
35. Qg3 g5 36. hxg5 hxg5 37. Kg2 Rh8 38. Rh1 Qd5+ 39. f3 Qa2+ 0-1

[Event "AUTO-MASTER-608"]
[Site "http://www.queenalice.com/game.php?id=522658"]
[Date "2009.1.14"]
[Round "2"]
[White "rames"]
[Black "bacana"]
[Result "1-0"]
[WhiteElo "2159"]
[BlackElo "2074"]

1. d4 Nf6 2. Nf3 d5 3. Bf4 e6 4. Nbd2 Bd6 5. Ne5 c5 6. e3 Nc6 7. Bb5 Qc7 8. Ndf3
O-O 9. Bxc6 bxc6 10. dxc5 Bxc5 11. O-O Bd6 12. h3 a5 13. Re1 c5 14. c4 Bb7 15.
Qa4 Bxe5 16. Nxe5 Qb6 17. Bg5 Ne4 18. Nd7 Qd6 19. Bf4 e5 20. Bxe5 Qe7 21. Nxf8
Qxe5 22. f3 Nf6 23. Nd7 Qd6 24. Nxf6+ Qxf6 25. Qd7 Bc6 26. Qg4 Qxb2 27. Rad1
Qxa2 28. cxd5 Bxd5 29. Qd7 1-0